Digital communication (Record no. 1345)
[ view plain ]
| 000 -LEADER | |
|---|---|
| Fixed length control field | 00384nam a2200157 4500 |
| 003 - CONTROL NUMBER IDENTIFIER | |
| Control field | SEACOMEC |
| 005 - DATE AND TIME OF LATEST TRANSACTION | |
| Control field | 20240618154020.0 |
| 008 - FIXED-LENGTH DATA ELEMENTS--GENERAL INFORMATION | |
| Fixed length control field | 240618b |||||||| |||| 00| 0 eng d |
| 020 ## - INTERNATIONAL STANDARD BOOK NUMBER / ISBN | |
| Price | 210.00 |
| 040 ## - CATALOGING SOURCE | |
| Original cataloging agency | SEACOMEC |
| 082 ## - DEWEY DECIMAL CLASSIFICATION NUMBER | |
| Classification number | 621.362 |
| Book Number | K89 |
| 100 ## - MAIN ENTRY--PERSONAL NAME | |
| Personal name | Rekha, Krathi |
| 245 ## - TITLE STATEMENT | |
| Title | Digital communication |
| Statement of responsibility | Krathi Rekha, |
| 260 ## - IMPRINT | |
| Place of publication | Hyderabad |
| Name of publisher | Scitech |
| Date of publication | 2003 |
| 942 ## - ADDED ENTRY ELEMENTS (KOHA) | |
| Koha item type | Books |
| Withdrawn status | Lost status | Source of classification | Damaged status | Not for loan | Home library | Current library | Date acquired | Total Checkouts | Call number | Accession number | Date last seen | Price effective from | Koha item type |
|---|---|---|---|---|---|---|---|---|---|---|---|---|---|
| Dewey Decimal Classification | SEACOM ENGINEERING COLLEGE | SEACOM ENGINEERING COLLEGE | 02/11/2006 | 621.362 K89 | 5679 | 18/06/2024 | 18/06/2024 | Books |
